Ensayo de una biblioteca española de los mejores escritores del reynado de Carlos III.

Detalles Bibliográficos
Autor principal: SEMPERE Y GUARINOS, Juan
Formato: Libro
Publicado: Madrid 1786
Materias:
Colección:Banco de datos
Acervo:Biblioteca del Museo de sitio casa de Morelos. Morelia. Michoacán
Descripción Física:t. III
Tema general:Literatura
Notas:Regular. H1,5. Biblioteca Pública de Morelia. Estudios bibliográficos de autores cuyos apellidos empiezan de las letras E a la LL. Encuadernado en un mismo volumen con el t. IV.
LEADER 00849nam a22002050004500
035 |a 58255 
036 |a 1316 
100 1 |a SEMPERE Y GUARINOS, Juan 
245 1 0 |a Ensayo de una biblioteca española de los mejores escritores del reynado de Carlos III. 
260 |a Madrid  |b Imprenta Real  |c 1786 
300 |a t. III 
500 |a Regular. H1,5. Biblioteca Pública de Morelia. Estudios bibliográficos de autores cuyos apellidos empiezan de las letras E a la LL. Encuadernado en un mismo volumen con el t. IV. 
650 1 0 |a Literatura 
949 |a C.MOR 
959 |a Museo de Sitio Casa de Morelos. Morelia, Michoacán  |b CCC8 
960 |a Museo de Sitio Casa de Morelos, Michoacán  |b DD91 
961 |a Varias Ordenes Religiosas  |b VO 
942 |c MORELIA 
943 |g Biblioteca del Museo de sitio casa de Morelos. Morelia. Michoacán 
999 |c 975754  |d 975754